NCAAM DII Basketball Logo Quiz: Peach Belt - Statistics

General Stats
  • This quiz has been taken 6 times
    2 since last reset
  • The average score is 6 of 11
Answer Stats
Picture Answer % Correct
Augusta
100%
Clayton St.
50%
Columbus St.
50%
Flagler
50%
Georgia College & St.
50%
Georgia Southwestern St.
50%
Lander
50%
Middle Georgia St.
50%
North Georgia
50%
USC Beaufort
50%
USC Aiken
0%
No matching quizzes found
Score Distribution
Percent of People with Each Score
Percentile by Number Answered
Your Score History
You have not taken this quiz since the last reset